MARC

LEADER 00000nam0a2200000 4500
001 270619
005 20231101234348.0
035 |a (RuTPU)RU\TPU\book\293800 
090 |a 270619 
100 |a 20140930d1987 k y0rusy50 ca 
101 0 |a rus 
102 |a UA 
105 |a a z 001zy 
200 1 |a Химия и переработка угля  |e сборник научных трудов  |f Академия наук Украинской ССР (АН УССР), Институт физико-органической химии и углехимии ; под ред. С. Н. Баранова 
210 |a Киев  |c Наукова думка  |d 1987 
215 |a 124 с.  |c ил. 
320 |a Библиогр. в конце ст. 
606 1 |a Уголь  |x Переработка,химическая  |2 stltpush  |3 (RuTPU)RU\TPU\subj\33203  |9 55507 
610 1 |a химические превращения 
610 1 |a свойства 
610 1 |a минеральная часть 
610 1 |a физико-химические исследования 
610 1 |a горючие ископаемые 
610 1 |a отходы 
610 1 |a сжигание 
610 1 |a обогащение 
675 |a 662.74  |v 3 
702 1 |a Баранов  |b С. Н.  |4 340 
712 0 2 |a Академия наук Украинской ССР (АН УССР)  |b Институт физико-органической химии и углехимии  |c (Донецк)  |2 stltpush  |3 (RuTPU)RU\TPU\col\12481 
801 1 |a RU  |b 63413507  |c 20140930 
801 2 |a RU  |b 63413507  |c 20160321  |g RCR 
942 |c BK